| 000 | 01073cam a2200301 i 4500 | ||
|---|---|---|---|
| 001 | vtls003263804 | ||
| 003 | MY-SjTCS | ||
| 005 | 20200226120255.0 | ||
| 008 | 150612s2010 enkab 001 0 eng d | ||
| 020 | _a9780091930691 (paperback) | ||
| 039 | 9 |
_a201809071332 _bVLOAD _c201512281127 _dpushpa _c201512281121 _dpushpa _y201506121438 _zmalathy |
|
| 040 | _erda | ||
| 082 | 0 | 4 |
_a940.542142 _bBAI 2010 |
| 100 | 1 | _aBailey, Roderick. | |
| 245 | 1 | 0 |
_aForgotten voices of D-Day / _cRoderick Bailey. |
| 264 | 1 |
_a[London] : _bEbury Press, _c2010. |
|
| 300 |
_axiii, 401 pages : _billustrations, maps ; _c20 cm |
||
| 336 |
_atext _2rdacontent |
||
| 337 |
_aunmediated _2rdamedia |
||
| 338 |
_avolume _2rdacarrier |
||
| 500 | _aIncludes indexes. | ||
| 500 | _aOriginally published: 2009. | ||
| 500 | _aPublished in association with The Imperial War Museum. | ||
| 650 | 0 |
_aWorld War, 1939-1945 _xCampaigns _zFrance _zNormandy. |
|
| 650 | 0 |
_aWorld War, 1939-1945 _vPersonal narratives, British. |
|
| 710 | 2 |
_aImperial War Museum (Great Britain) _974106 |
|
| 920 | _aSOC : 219619 | ||
| 999 | _c161671 | ||